[Event "Aligarh Pavna op"]
[Site "Aligarh"]
[Date "2016.05.21"]
[Round "8"]
[White "Deepak, Katiyar"]
[Black "Tiwari, OP."]
[Result "1-0"]
[WhiteElo "2128"]
[BlackElo "1574"]
[PlyCount "65"]
[EventDate "2016.05.17"]
[EventType "swiss"]
[EventRounds "9"]
[EventCountry "IND"]
[SourceTitle "CBM 172 Extra"]
[Source "ChessBase"]
[SourceDate "2016.06.21"]
[SourceVersion "1"]
[SourceVersionDate "2016.06.21"]
[SourceQuality "1"]

1. e4 e6 2. d4 c6 3. Nd2 d5 4. c3 Nf6 5. e5 Nfd7 6. f4 c5 7. Bd3 cxd4 8. cxd4 Bb4 9. a3 Be7 10. Ndf3 Nc6 11. Ne2 Nb6 12. h4 Bd7 13. b3 Rc8 14. h5 h6 15. g4 a6 16. g5 hxg5 17. fxg5 Na7 18. a4 g6 19. Ng3 gxh5 20. Nxh5 Kf8 21. Kf2 Rc3 22. Nf4 Kg7 23. Bd2 Rc6 24. Nh5+ Kg8 25. Nf6+ Kg7 26. a5 Rc8 27. Rxh8 Qxh8 28. axb6 Bb5 29. Bh7 Bxf6 30. gxf6+ Kf8 31. Qh1 Nc6 32. Bh6+ Ke8 33. Bg7 1-0

[Event "Aligarh Pavna op"]
[Site "Aligarh"]
[Date "2016.05.18"]
[Round "3"]
[White "Tiwari, OP."]
[Black "Lawaniya, Eshan"]
[Result "0-1"]
[WhiteElo "1574"]
[BlackElo "1806"]
[PlyCount "171"]
[EventDate "2016.05.17"]
[EventType "swiss"]
[EventRounds "9"]
[EventCountry "IND"]
[SourceTitle "CBM 172 Extra"]
[Source "ChessBase"]
[SourceDate "2016.06.21"]
[SourceVersion "1"]
[SourceVersionDate "2016.06.21"]
[SourceQuality "1"]

1. e4 c5 2. Bc4 e6 3. c3 d5 4. Bd3 dxe4 5. Bxe4 Nf6 6. Bf3 Be7 7. Ne2 0-0 8. d4 Nc6 9. 0-0 cxd4 10. cxd4 Nd5 11. Nbc3 Bf6 12. Ne4 b6 13. Be3 Bb7 14. Rc1 Rc8 15. a3 Na5 16. Rxc8 Qxc8 17. Nd6 Qd7 18. Nxb7 Nxb7 19. Ng3 Nd6 20. Ne4 Be7 21. Qd3 Rc8 22. Nxd6 Bxd6 23. g3 Ne7 24. Rd1 Qa4 25. Rd2 Qc4 26. Qe4 Nd5 27. Kg2 Kh8 28. Be2 Qc6 29. Bf3 Qc1 30. h4 Nxe3+ 31. Qxe3 h6 32. Be4 Be7 33. Bd3 Bf6 34. Be4 Qc7 35. d5 exd5 36. Bxd5 Rd8 37. Qb3 Qe5 38. Qf3 g6 39. b4 Kg7 40. Rd3 Rd6 41. b5 Qe7 42. h5 Qd8 43. hxg6 fxg6 44. Be4 Rxd3 45. Bxd3 Qd6 46. Qe4 Be7 47. Bc4 Qf6 48. Qd5 h5 49. a4 Kh6 50. Qg8 h4 51. gxh4 Bc5 52. f3 Qd4 53. Qd5 Qg1+ 54. Kh3 Be7 55. Qd2+ Kh7 56. Qg2 Qe1 57. Qg3 Qh1+ 58. Kg4 Qd1 59. Be6 Bd6 60. Qf2 Qxa4+ 61. f4 Qxb5 62. Kg3 Qd3+ 63. Qf3 Qxf3+ 64. Kxf3 Be7 65. Kg4 Kg7 66. f5 Kf6 67. Bc8 gxf5+ 68. Bxf5 Ke5 69. Bd3 a5 70. Bb5 Kd4 71. h5 Kc5 72. Be8 b5 73. Kf5 Bh4 74. h6 Be1 75. Ke4 Kc4 76. Bf7+ Kb4 77. Kd3 Bc3 78. Kc2 a4 79. Be8 Bh8 80. Kb1 Kb3 81. Bf7+ Ka3 82. h7 b4 83. Be8 b3 84. Bd7 Kb4 85. Be6 Ka3 86. Bd7 0-1